000 00374nam a2200133Ia 4500
003 GCL
008 140319s9999 xx 000 0 ara d
040 _aGCL /
_cGCL
082 0 4 _a229.5
_bا ا
245 1 0 _aابراهيم عليه السلام ودعوته فى القران الكريم
260 _a[S.N] :
_bدار المنار ،
_c1986
300 _a232 ص
490 _a
999 _c35518
_d35518